000 01790pam a2200265 i 4500
003 KPN
005 20260424161811.0
008 20260424b 00| 0 my d
020 _a9789830975733
_qpaperback
_cRM21.00
040 _cKPN
082 0 4 _a297.57082 MAZ 2016
_223
090 0 0 _a297.57082 MAZ 2016
_bMAZ
100 0 _aMaznah Daud,
_cUstazah,
_d1953-
_eauthor.
245 1 0 _aWanita cantik masuk syurga :
_bSoal jawab fikah kecantikan dan perhiasan /
_cUstazah Maznah Daud, Ustazah Dr. Anidah Ab Ghani ; Penyunting : Zuraimi Ismail
264 1 _aPetaling Jaya, Selangor :
_bGaleri Ilmu Sdn. Bhd.,
_c2016
300 _axii, 184 pages, 3 unnumbered pages :
_bcolour photographs ;
_c22 cm
500 _aContains verses from the Qur'an
504 _aBibliography: page 183
521 _aSemuanya Tentang Kecantikan, Perhiasan, Aurat dan Pergaulan! > Panduan yang sangat istimewa buat wanita. > Berbentuk soal-jawab. > Lengkap dengan dalil yang jelas dan mudah difahami. > Ilustrasi yang cantik dan menarik. ✔ Hukum melihat dan menyentuh aurat antara suami isteri ✔ Melihat dan Menyentuh Bukan Mahram ✔ Bertelanjang Ketika Bersendirian ✔ Pergaulan lelaki - wanita, sejauh mana dibolehkan? ✔ Melihat dan Menyentuh Aurat Ketika Darurat ✔ Hukum pengantin bersolek ✔ Rawatan teknik rebonding ✔ Menggunting atau mencukur bulu kening ✔ Pakaian daripada kulit atau bulu binatang ✔ Patung atau gambar dijadikan perhiasan ✔ Mewarna atau menginai rambut dan banyak lagi. Soalan-soalan ini, antara 111 persoalan tentang Aurat Wanita yang terkandung dalam buku ini.
650 1 0 _aMuslim women
_xConduct of life
650 2 0 _aWomen in Islam
700 0 _aAnisah Ab. Ghani,
_cDr., Ustazah,
_d1951-
_eauthor.
700 0 _aZuraimi Ismail,
_d1969-
_eeditor.
942 _2ddc
_c1
_n0
999 _c1826
_d1826